| 000 | 00511nam a22001577a 4500 | ||
|---|---|---|---|
| 003 | macl | ||
| 005 | 20190628130205.0 | ||
| 008 | 190628b xxu||||| |||| 00| 0 eng d | ||
| 040 | _cmacl | ||
| 082 | _a720 | ||
| 100 |
_aप्रवीन, डॉ योगेश _975635 |
||
| 245 | _aलखनऊ सदियों का सफर | ||
| 260 |
_aदिल्ली _bगैलेक्सी पब्लिशर्स _c2015 |
||
| 650 |
_aवास्तुकला _969549 |
||
| 942 |
_2ddc _cHIN |
||
| 999 |
_c60330 _d60330 |
||